| 000 | 00510nam a2200193 4500 | ||
|---|---|---|---|
| 001 | 137097 | ||
| 003 | ES-MaACL | ||
| 005 | 20230906195317.0 | ||
| 007 | t| | ||
| 008 | 070214s1955 sp r ||||1| spa d | ||
| 100 | 1 |
_aSalvador, Tomás. _9102080 |
|
| 245 | 1 | 3 |
_aEl haragán _b: novela / _cTomás Salvador. |
| 260 |
_aMadrid : _bCid, _c1955. |
||
| 300 |
_a266 p. ; _c19 cm. |
||
| 490 | 1 | _aCol. literaria | |
| 830 | 0 |
_aCol. literaria _9187024 |
|
| 852 |
_aES-MaACL _jC-11603 _bR.38704 |
||
| 999 |
_c137097 _d137097 |
||